| 000 | 00378nam a2200145Ia 4500 | ||
|---|---|---|---|
| 003 | GCL | ||
| 008 | 140319s9999 xx 000 0 eng d | ||
| 040 |
_aGCL / _cGCL |
||
| 082 | 0 | 4 |
_a616.89 _bD A |
| 100 | 1 | _aDOVISON, GERALD C. | |
| 245 | 1 | 0 |
_aABNORMAL: PSYCHOLOGY / _cDOVISON, GERALD C. |
| 700 | 1 | _aNEALE, JOHN M | |
| 260 |
_a[S.N] : _bJOHN WILEY AND SONS. INC |
||
| 300 | _a633 P | ||
| 999 |
_c20345 _d20345 |
||